| 000 | 00415nam a2200157Ia 4500 | ||
|---|---|---|---|
| 008 | 221030s9999 xx 000 0 und d | ||
| 020 | _a8188930008 | ||
| 041 | _aEnglish | ||
| 082 |
_a105.23 _bSye |
||
| 100 | _aPankaj Sharma | ||
| 245 | 0 |
_aIntroduction to Web Technology _cby Pankaj Sharma |
|
| 260 |
_bJay Kay Law Reporter Rehari Jammu _aIndia _c2004 |
||
| 300 | _a458 | ||
| 650 | _aCSE Departmental | ||
| 942 | _cBK | ||
| 999 |
_c6127 _d6127 |
||